000 00410nam a22001697a 4500
003 MPLRDC
005 20220104125556.0
008 210129b ||||| |||| 00| 0 eng d
082 _a947.413 YLL v.1
100 _a杨玲兰译
245 _a青春双影像. 一
_c
260 _a
_b东立出版社有限公司
_c1992
300 _b
490 _a东佑
650 _a漫画
942 _cBK
_o947.413 YLL v.1
999 _c28458
_d28448